<?xml version="1.0" encoding="UTF-8"?>
<collection xmlns="http://www.loc.gov/MARC21/slim">
<record>
  <controlfield tag="001">166692</controlfield>
  <controlfield tag="005">20260121131135.0</controlfield>
  <datafield tag="037" ind1=" " ind2=" ">
    <subfield code="a">TAZ-TFG-2025-3482</subfield>
  </datafield>
  <datafield tag="041" ind1=" " ind2=" ">
    <subfield code="a">spa</subfield>
  </datafield>
  <datafield tag="100" ind1="1" ind2=" ">
    <subfield code="a">Clemente Carbonel, Pilar</subfield>
  </datafield>
  <datafield tag="242" ind1="0" ind2="0">
    <subfield code="a">Corneal biomechanics as a function of age and refractive error</subfield>
  </datafield>
  <datafield tag="245" ind1="0" ind2="0">
    <subfield code="a">Biomecánica corneal en función de la edad y el error refractivo</subfield>
  </datafield>
  <datafield tag="260" ind1=" " ind2=" ">
    <subfield code="a">Zaragoza</subfield>
    <subfield code="b">Universidad de Zaragoza</subfield>
    <subfield code="c">2025</subfield>
  </datafield>
  <datafield tag="506" ind1=" " ind2=" ">
    <subfield code="a">by-nc-sa</subfield>
    <subfield code="b">Creative Commons</subfield>
    <subfield code="c">3.0</subfield>
    <subfield code="u">http://creativecommons.org/licenses/by-nc-sa/3.0/</subfield>
  </datafield>
  <datafield tag="520" ind1=" " ind2=" ">
    <subfield code="a">-Propósito: Evaluar la biomecánica corneal a partir de imágenes Scheimpflug capturadas con el dispositivo Corvis ST, en función de la edad y del tipo de error refractivo. &lt;br />-Metodología: Se incluyeron 112 sujetos (112 ojos derechos) sin patologías previas oculares ni sistémicas que influyan en el colágeno y sin cirugías oculares previas (tipo cirugía refractiva láser). Los usuarios de lentes de contacto no pueden participar en este estudio. Los participantes se dividieron en 2 grupos de edad, considerando además el tipo de error refractivo: &lt;br />>Grupo 1: 18-30 años: 82 jóvenes (44 emétropes y 36 miopes). &lt;br />>Grupo 2: 38-62 años: 30 mayores (16 emétropes y 14 miopes). &lt;br />En el grupo de emétropes se permitió una hipermetropía de hasta +0,50 D, y un astigmatismo menor de 1,00 D en ambos grupos. &lt;br />Se realizaron medidas de parámetros estructurales con el IOL Master, como la longitud axial, la profundidad de la cámara anterior y los radios de curvatura anteriores de la córnea. Para la evaluación de la biomecánica corneal se utilizó el dispositivo Corvis ST. &lt;br />-Resultados: No hubo diferencias estadísticamente significativas en la mayoría de los parámetros biomecánicos corneales entre los grupos de edad ni entre miopes y emétropes, salvo en el parámetro HCPD (distancia entre los extremos de la córnea en máxima concavidad), que fue significativamente mayor en los sujetos mayores, lo que sugiere una deformación más amplia asociada a una mayor rigidez corneal con la edad. Aunque no alcanzaron significación estadística, se observaron tendencias consistentes con la literatura, como una menor deformación corneal en mayores y una mayor longitud axial y deformabilidad en miopes, lo que sugiere que tanto la edad como el error refractivo podrían influir sutilmente en la biomecánica corneal. &lt;br />-Conclusiones: La edad influye en la rigidez corneal, aumentando con el envejecimiento, aunque en esta muestra solo se encontró una diferencia estadísticamente significativa en un parámetro (HCPD). La miopía se asocia a ojos más largos y potencialmente más deformables, pero no se hallaron diferencias significativas en los parámetros biomecánicos evaluados. Aun así, se recomienda tener en cuenta tanto la edad como el error refractivo &lt;br />en el diagnóstico y en la planificación de intervenciones quirúrgicas oftalmológicas. &lt;br />&lt;br /></subfield>
  </datafield>
  <datafield tag="521" ind1=" " ind2=" ">
    <subfield code="a">Graduado en Óptica y Optometría</subfield>
  </datafield>
  <datafield tag="540" ind1=" " ind2=" ">
    <subfield code="a">Derechos regulados por licencia Creative Commons</subfield>
  </datafield>
  <datafield tag="856" ind1="0" ind2=" ">
    <subfield code="f">801490@unizar.es</subfield>
  </datafield>
  <datafield tag="856" ind1="4" ind2=" ">
    <subfield code="s">3848124</subfield>
    <subfield code="u">http://zaguan.unizar.es/record/166692/files/TAZ-TFG-2025-3482.pdf</subfield>
    <subfield code="y">Memoria (spa)</subfield>
  </datafield>
  <datafield tag="909" ind1="C" ind2="O">
    <subfield code="o">oai:zaguan.unizar.es:166692</subfield>
    <subfield code="p">driver</subfield>
    <subfield code="p">trabajos-fin-grado</subfield>
  </datafield>
  <datafield tag="950" ind1=" " ind2=" ">
    <subfield code="a"></subfield>
  </datafield>
  <datafield tag="691" ind1=" " ind2=" ">
    <subfield code="a">0</subfield>
  </datafield>
  <datafield tag="692" ind1=" " ind2=" ">
    <subfield code="a"></subfield>
  </datafield>
  <datafield tag="700" ind1=" " ind2=" ">
    <subfield code="a">Consejo Vaquero, Alejandra </subfield>
    <subfield code="e">dir.</subfield>
  </datafield>
  <datafield tag="700" ind1=" " ind2=" ">
    <subfield code="a">Remón Martín, Laura</subfield>
    <subfield code="e">dir.</subfield>
  </datafield>
  <datafield tag="710" ind1="2" ind2=" ">
    <subfield code="a">Universidad de Zaragoza</subfield>
    <subfield code="b"> </subfield>
    <subfield code="c"></subfield>
  </datafield>
  <datafield tag="980" ind1=" " ind2=" ">
    <subfield code="a">TAZ</subfield>
    <subfield code="b">TFG</subfield>
    <subfield code="c">CIEN</subfield>
  </datafield>
  <datafield tag="999" ind1=" " ind2=" ">
    <subfield code="a">20250710094229.CREATION_DATE</subfield>
  </datafield>
  <datafield tag="951" ind1=" " ind2=" ">
    <subfield code="a">deposita:2026-01-21</subfield>
  </datafield>
</record>
</collection>